Click Chain #6 - Difficulty+ - Statistics

General Stats
  • This quiz has been taken 15,222 times
  • The average score is 22 of 33
Answer Stats
Hint Answer % Correct
The most notorious cheater in cycling was Lance: Armstrong
96%
...the sixteenth of whom died by: Guillotine
77%
...where the Olympics were held in: 2012
75%
...which would be denoted by Romans as: III
75%
...whose two largest islands start with: S
75%
...which was opened in: 1869
74%
...which is divisible by: 3
74%
...which has a famous: Canal
74%
...which correlates to the Greek letter: Sigma
74%
...who was famously portrayed by: Gal Gadot
73%
...the most economically important of which is the: Suez Canal
73%
...which is also the last name of the singer of Hit the Road … : Jack
72%
...who ripped apart women in East: London
72%
...one of which over average gives the IQ of: 115
71%
...which officially has no winner from 1999-2005 because of: Doping
71%
...which gives 4 when divided by: 503
70%
...which is a premium subscription of: Amazon
70%
...which arose following the death of: Julius Caesar
69%
...which lies on the: Mediterranean
69%
...which is commonly used in math to signify: Standard Deviation
69%
...which has twice served as the end of a stage of the: Tour de France
66%
...which borders: Panama
65%
...whose daughter, according to pop culture, was: Wonder Woman
64%
...which is the current regnal number of: Charles
63%
...who was often called "Satchmo" or just: Louis
63%
...who was born near: Tel Aviv
63%
...which was invented in: France
61%
...who has an overseas department in: South America
59%
...which is: Prime
56%
...whose mythological queen at one point was: Hippolyta
52%
...when Jews revolted against the rule of: The Roman Empire
48%
...whose chiefdom lay near the modern city of: Clermont-Ferrand
45%
...who utterly defeated: Vercingetorix
43%
No matching quizzes found
Score Distribution
Percent of People with Each Score
Percentile by Number Answered
Your Score History
You have not taken this quiz